SINGAPORE : A Modern History

Bibliographic Details
Main Author: Barr, Michael D. (Author)
Format: Book
Published: London : Bloomsbury Academic 2020
Subjects:

MARC

LEADER 00000cam a2200000 7i4500
001 0000290338
005 20240403130503.0
006 a# ###### ###
007 t
008 220124t20202018nyu# ###
020 |a 9781350185661 
040 |a MBPJ   |b eng   |c MBPJ   |e rda 
090 0 0 |a 959.57   |b BAR 
100 1 |a Barr, Michael D. ,   |e author 
245 1 0 |a SINGAPORE :   |b A Modern History   |c Michael D. Barr 
264 1 |a London :   |b Bloomsbury Academic   |c 2020 
264 4 |c @2018 
300 |a 257 pages ;   |c 23 cm. 
336 |a text  |2 rdacontent 
337 |a unmediated  |2 rdamedia 
338 |a volume  |2 rdacarrier 
650 0 |a Singapore   |x History 
999 |a 00397349   |b BUKU   |c PINJAMAN   |e PERPUSTAKAAN KOMUNITI PETALING JAYA